000 03795nam a2200601 i 4500
001 BDZ0057714189
003 StDuBDS
005 20260310112438.0
006 m|||||o||d||||||||
007 cr |||||||||||
008 251028s2026 enka fob 001|0 eng|d
020 _a9781040547960 (PDF ebook) :
_cNo price
020 _a9781003564126 (ebook) :
_cNo price
020 _z9781032916002 (hbk.) :
_c145.00
020 _z9781032915999 (pbk.) :
_cNo price
040 _aStDuBDS
_beng
_erda
_epn
_cStDuBDS
_dStDuBDSZ
050 0 _aKD833
_b.B735 2026
072 7 _aLAW
_2ukslc
072 7 _aLN
_2bicssc
072 7 _aLNSH5
_2bicssc
072 7 _aKFFR
_2bicssc
072 7 _aLAQ
_2bicssc
072 7 _aTN
_2bicssc
072 7 _aLN
_2thema
072 7 _aLNSH5
_2thema
072 7 _aKFFR
_2thema
072 7 _aLAQ
_2thema
072 7 _aTN
_2thema
082 0 4 _a343.42043
_223
100 1 _aBray, Judith,
_d1954-
_eauthor.
245 1 0 _aUnlocking land law
_h[electronic resource] /
_cJudith Bray.
250 _a8th edition.
263 _a202512
264 1 _aLondon :
_bRoutledge,
_c2026.
300 _a1 online resource (xxxix, 608 pages) :
_billustrations (black and white, and colour).
336 _atext
_2rdacontent
336 _astill image
_2rdacontent
337 _acomputer
_2rdamedia
338 _aonline resource
_2rdacarrier
366 _b20251215
_cAvailable
490 1 _aUnlocking the law
500 _aPrevious edition: 2022.
504 _aIncludes bibliographical references and index.
505 0 _a1. Introduction 2. Common law and equity 3. Registered land 4. The transfer and creation of property interests 5. Equitable rights in land 6. Licenses 7. Proprietary estoppel 8. Co-ownership 9. Trusts of land 10. Easements 11. Freehold covenants 12. Mortgages 13. Leases 14. Adverse possession 15. Commonhold
520 8 _aUnlocking Land Law will help you grasp the main concepts of this core subject with ease. Containing accessible explanations in a clear and logical structure, it provides an excellent foundation for learning and revising, and incorporates the following features to support learning.
_bUnlocking Land Law will help you grasp the main concepts of this core subject with ease.Containing accessible explanations in a clear and logical structure, it provides an excellent foundation for learning and revising, and incorporates the following features to support learning: Clear learning outcomes at the beginning of each chapter set out the skills and knowledge you will need to get to grips with the subject Key Facts summaries throughout each chapter allow you to progressively build and consolidate your understanding End-of-chapter summaries provide a useful checklist for each topic Cases and judgments are highlighted to help you find them and add them to your notes quickly Frequent activities and self-test questions and sample essay questions are included so you can put your knowledge into practice and prepare yourself for assessment A `Critiquing the Law' feature designed to foster essential critical thinking skills This 8th edition has been comprehensively updated to include discussion of recent changes and key developments in land law - for example, the chapter on proprietary estoppel has been extensively rewritten to reflect the decision of the Supreme Court in Guest v Guest. This book forms part of the Unlocking the Law series; it is essential reading for all core modules on land law.
650 0 _aLAND TENURE
650 0 _aLAND LAW
650 7 _aEBOOK
776 0 8 _iPrint version :
_z9781032916002
830 0 _aUnlocking the law.
856 4 0 _uhttps://www.vlebooks.com/product/openreader?id=RICS&accId=9491556&isbn=9781040547960
_zAvailable via Vlebooks (email [email protected] for access)
942 _2ddc
999 _c122303
_d122303